Statystyki dla Zgadnij piosenki sabatonu

Kliknij tutaj aby rozwiązać quiz!

Ogólne statystyki

  • Ten quiz został rozwiązany 202 razy
  • Średni wynik to 6 z 13

Statystyki odpowiedzi

HintOdpowiedź% Poprawnych
Teledysk dzieje się w pogrążonej wojną WarszawieUprising
79%
Znana Polska kawaleriaWinged Hussars
68%
D-DayPrimo Victoria
65%
Statek, Nowa piosenka (Początki 2k19)Bismarck
62%
Nazwa tej piosenki to numery40:1
61%
In the name of godThe last stand
52%
Jedna z bitew w JaponiiShiroyama
49%
Piosenka o Wojsku wchodzącym na Sowieckie terenyPanzerkampf
44%
Ostatnia bitwaThe Last Battle
42%
Zaczyna się od "gwizdu"To hell and back
38%
Kobiety, samoloty, ZSRRNight Witches
37%
Grecja, 2 Najpopularnieszja piosenka na kanale SabatonCoat of arms
28%
"Gloria fortis miles"Resist and bite
16%

Rozkład punktacji

Percentyl według liczby udzielonych odpowiedzi

Procent ludzi z każdym wynikiem

Twoja historia wyników

Nie rozwiązałeś tego quizu